| 000 | 00505cam a22001457a 4500 | ||
|---|---|---|---|
| 008 | 180718b1983 xxu||||| |||| 00| 0 eng d | ||
| 082 | _aY408x54 In2 | ||
| 100 | _aIndia. Committee on Orientation of Forest Education | ||
| 245 |
_aReport of Committee on Orientation of Forest Education in India _cby Ministry of Home Affairs |
||
| 260 |
_aNew Delhi _bThe author _c1983 |
||
| 300 | _a98+p. | ||
| 500 | _aChairman: K.M. Tiwari | ||
| 700 | _aIndia. Ministry of Home Affairs | ||
| 700 | _aTiwari, K.M (Chairman) | ||
| 999 |
_c489879 _d489879 |
||